[Event "Hasta La Vista!"]
[Site "http://www.queenalice.com/game.php?id=652024"]
[Date "2009.9.14"]
[Round "-"]
[White "felipebonucci"]
[Black "gmsanti"]
[Result "0-1"]
[WhiteElo "1100"]
[BlackElo "2168"]

1. e4 e5 2. f4 exf4 3. Nf3 g5 4. h4 g4 5. Ng5 h6 6. Nxf7 Kxf7 7. Qxg4 d5 8.
Qxf4+ Kg7 9. Qe5+ Nf6 10. Bd3 Bd6 11. Qd4 dxe4 12. Bxe4 Bg3+ 13. Qf2 Nxe4 14.
O-O Bxf2+ 15. Rxf2 Qd4 16. d3 Qxf2+ 17. Kh1 Qxh4+ 18. Kg1 Qe1+ 19. Kh2 Qg3+ 20.
Kg1 Bh3 21. dxe4 Qxg2# 0-1

[Event "Challenge"]
[Site "http://www.queenalice.com/game.php?id=657747"]
[Date "2009.9.25"]
[Round "-"]
[White "felipebonucci"]
[Black "NandoBg"]
[Result "0-1"]
[WhiteElo "1219"]
[BlackElo "2138"]

1. e4 Nf6 2. Nc3 Nc6 3. d4 d5 4. Bd3 dxe4 5. Nxe4 Nxd4 6. Nf3 Bg4 7. c3 Nxf3+ 8.
gxf3 Nxe4 9. fxg4 Nc5 10. Bb5+ c6 11. Bc4 e6 12. Be3 Qh4 13. Qd4 Rd8 14. Qe5
Qxg4 15. Be2 Qg2 16. Rf1 Bd6 17. Qg5 Qxg5 18. Bxg5 f6 19. Be3 b6 20. f4 e5 21.
fxe5 Bxe5 22. Bxc5 bxc5 23. Rf2 Rb8 24. O-O-O Rd8 25. h4 Ke7 26. Bf3 Rxd1+ 27.
Kxd1 Kd6 28. Kc2 f5 29. Rd2+ Kc7 30. Re2 Re8 31. Kd3 g6 32. Kc4 Kb6 33. a4 a5
34. Bg2 Re7 35. Bh3 h5 36. Rg2 Rg7 37. Re2 Bd6 38. Re6 Kc7 39. Bg2 Kd7 40. Re2
Re7 41. Rxe7+ Bxe7 42. Bh3 Kd6 43. b4 cxb4 44. cxb4 axb4 45. Kxb4 Bxh4 46. Kc4
Be1 47. Kd3 h4 48. Ke3 c5 49. Ke2 Ba5 50. Kf2 Ke5 51. Bf1 g5 52. Bc4 g4 53. Be2
h3 54. Bf1 Kd4 55. Ba6 c4 56. Bc8 Ke5 57. Ba6 f4 58. Bxc4 g3+ 59. Kf3 g2 60. Kf2
Bb6+ 61. Ke2 g1=Q 62. Kd2 h2 63. Bd5 Kxd5 64. Kc2 h1=Q 65. Kb3 Qa1 66. Kb4 Qb2#
0-1

[Event "Let's Play Chess!"]
[Site "http://www.queenalice.com/game.php?id=658651"]
[Date "2009.9.27"]
[Round "-"]
[White "elche"]
[Black "felipebonucci"]
[Result "1-0"]
[WhiteElo "1731"]
[BlackElo "1167"]

1. e4 c5 2. Nc3 d6 3. Bb5+ Nc6 4. d3 b6 5. Bxc6+ Bd7 6. Bxd7+ Qxd7 7. Nf3 Qg4 8.
O-O Nf6 9. Nd5 Rc8 10. Nxf6+ exf6 11. h3 Qh5 12. Nh2 Qe5 13. Rb1 d5 14. exd5 Bd6
15. Nf3 g5 16. Nxe5 1-0

[Event "Let's Play Chess!"]
[Site "http://www.queenalice.com/game.php?id=659002"]
[Date "2009.9.27"]
[Round "-"]
[White "felipebonucci"]
[Black "BispoM"]
[Result "1-0"]
[WhiteElo "1219"]
[BlackElo "1547"]

1. e4 a6 2. Nf3 b5 3. Nc3 Bb7 4. b4 e6 5. Bb2 Bxb4 6. Qe2 Nf6 7. e5 Nd5 8. Ng5
Qxg5 9. h4 Qg6 10. Rh3 Nf4 11. h5 Nxe2 12. hxg6 Nxc3 13. dxc3 Bc5 14. Rxh7 O-O
15. Bd3 Bxf2+ 16. Kxf2 fxg6+ 17. Ke2 Kxh7 18. Rh1+ Kg8 19. Bxg6 Nc6 20. Bh7+ Kf7
21. Rf1+ Ke7 22. Ba3+ d6 23. Bc1 Rxf1 24. Kxf1 Nxe5 25. Bg5+ Kd7 26. Bf4 Rf8 27.
g3 g5 28. Ke2 gxf4 29. gxf4 Rxf4 30. Bd3 Nxd3 31. cxd3 Ra4 32. a3 Rxa3 33. Kd2
1-0

[Event "Let's Play Chess!"]
[Site "http://www.queenalice.com/game.php?id=659010"]
[Date "2009.9.27"]
[Round "-"]
[White "felipebonucci"]
[Black "robertson"]
[Result "0-1"]
[WhiteElo "1167"]
[BlackElo "1509"]

1. Nf3 e6 2. Nc3 c6 3. g3 d5 4. d4 Qd6 5. Bf4 Qb4 6. Qb1 Nd7 7. e3 h6 8. h4 f6
9. a3 Qe7 10. Bd3 e5 11. dxe5 fxe5 12. Bg6+ Kd8 13. Nxe5 Nxe5 14. h5 Nf3+ 15.
Ke2 Bg4 16. Qa2 Nf6 17. Rad1 Qc5 18. Bf7 g5 19. hxg6 Ng5+ 20. f3 Bxf3+ 21. Kd3
Be4+ 22. Nxe4 Nfxe4 23. Be5 Rh7 24. gxh7 Nxh7 25. c4 Qe7 26. Bg6 Qxe5 27. Bxh7
Nf2+ 28. Ke2 Nxd1 29. Rxd1 Qh5+ 30. Kf2 Qh2+ 31. Kf1 Kc7 32. cxd5 Rd8 33. Qc4
Rd6 34. e4 Rf6+ 35. Bf5 Qh1+ 36. Ke2 Qg2+ 37. Kd3 Qxg3+ 38. Kc2 c5 39. Qa4 Rd6
40. Qxa7 Ra6 41. Rd3 Qf4 42. Qxc5+ Bxc5 43. b4 Bd6 44. Rc3+ Kb6 45. Rb3 Ra8 46.
Kd3 Rg8 47. Kc4 Qd2 48. Rd3 Qe2 49. a4 Qa2+ 50. Kc3 Rg1 51. a5+ Ka6 52. Kd4 Re1
53. Bd7 Bxb4 54. e5 Qf2+ 55. Kc4 Re4+ 56. Kb3 Kxa5 57. e6 Qf6 58. d6 Bxd6 59.
Rd5+ Kb6 60. Rxd6+ Ka7 61. Bc8 Qf3+ 62. Kc2 Rc4+ 63. Kd2 Qf4+ 64. Kd3 Rxc8 65.
e7 Qf5+ 66. Kd4 Qc5+ 67. Ke4 Qxd6 68. e8=Q Rxe8+ 69. Kf5 Qe5+ 70. Kg4 Rf8 71.
Kh4 Rg8 72. Kh3 Qh5# 0-1

[Event "Let's Play Chess!"]
[Site "http://www.queenalice.com/game.php?id=659020"]
[Date "2009.9.27"]
[Round "-"]
[White "felipebonucci"]
[Black "burnthepoliticians"]
[Result "1-0"]
[WhiteElo "1158"]
[BlackElo "1553"]

1. e4 c5 2. Nc3 g6 3. Bc4 Nc6 4. Nf3 Bg7 5. Ng5 e6 6. h4 Bh6 7. d3 Nd4 8. Be3
Nf6 9. Bf4 d5 10. Bb5+ Bd7 11. Bd6 Bxb5 12. Nxb5 Nxb5 13. Be5 dxe4 14. dxe4 Bxg5
15. hxg5 Nxe4 16. Qd3 Qxd3 17. cxd3 Ned6 18. Bxh8 Nd4 19. Rc1 b6 20. Rxh7 Ke7
21. Bxd4 Nf5 22. Be5 Rd8 23. Rd1 Rd5 24. Bf6+ Kd7 25. Rxf7+ Kd6 26. Rxa7 1-0

[Event "Let's Play Chess!"]
[Site "http://www.queenalice.com/game.php?id=659021"]
[Date "2009.9.27"]
[Round "-"]
[White "burnthepoliticians"]
[Black "felipebonucci"]
[Result "1-0"]
[WhiteElo "1537"]
[BlackElo "1160"]

1. e4 c5 2. Nf3 Nf6 3. Nc3 Nc6 4. d3 e5 5. Be2 Nd4 6. O-O Bd6 7. Bg5 Nxf3+ 8.
Bxf3 h6 9. Bh4 g5 10. Bg3 h5 11. h3 h4 12. Bh2 Bc7 13. Nd5 Nxd5 14. exd5 Rg8 15.
Re1 f5 16. Bh5+ Ke7 17. Bxe5 d6 18. Bc3+ Kd7 19. Bf7 Rf8 20. Be6+ Ke7 21. Bxc8+
Kf7 22. Qh5+ Kg8 23. Qg6# 1-0

[Event "Challenge"]
[Site "http://www.queenalice.com/game.php?id=664752"]
[Date "2009.10.9"]
[Round "-"]
[White "felipebonucci"]
[Black "pcmvr"]
[Result "0-1"]
[WhiteElo "1260"]
[BlackElo "1372"]

1. Nf3 Nf6 2. Nc3 c5 3. e4 Nc6 4. Bc4 e6 5. O-O d6 6. d3 Be7 7. Bf4 O-O 8. e5
dxe5 9. Nxe5 Nd4 10. Nf3 Bd7 11. Be5 Bc6 0-1

[Event "Challenge"]
[Site "http://www.queenalice.com/game.php?id=664755"]
[Date "2009.10.9"]
[Round "-"]
[White "felipebonucci"]
[Black "fferraz"]
[Result "0-1"]
[WhiteElo "1248"]
[BlackElo "1494"]

1. Nf3 d5 2. Nc3 d4 3. Ne4 f5 4. Neg5 e5 5. Nxe5 Qxg5 6. f4 Qxf4 7. Nf3 Nc6 8.
e3 dxe3 9. dxe3 Qe4 10. Bd3 Qg4 11. Qd2 Be6 12. O-O Qh5 13. e4 fxe4 14. Bxe4
Bc5+ 15. Kh1 Rd8 16. Qf4 Qg4 17. h3 Bd6 18. Qe3 Bc5 19. Qxc5 Qxe4 20. Bg5 Rd5
21. Rae1 Qf5 22. Qe3 h6 23. Bf4 g5 24. Bxc7 g4 25. Qxe6+ Qxe6 26. Rxe6+ Kd7 27.
Ng5 hxg5 28. c4 Rd2 29. Be5 gxh3 30. g4 Rh4 31. Bc3 Rd3 32. Rg6 Nh6 33. Rg7+ Ne7
34. Re1 Ng8 35. Bb4 Kc7 36. Bxe7 Nh6 37. Bxg5+ Rd7 38. Rxd7+ Kxd7 39. Bxh4 Nxg4
40. Re4 Nh6 0-1

[Event "AUTO-OPEN-1717"]
[Site "http://www.queenalice.com/game.php?id=664894"]
[Date "2009.10.9"]
[Round "1"]
[White "felipebonucci"]
[Black "gedanix"]
[Result "0-1"]
[WhiteElo "1260"]
[BlackElo "1967"]

1. Nf3 d5 2. Nc3 Nc6 3. e4 d4 4. Nd5 e5 5. Bc4 Nf6 6. O-O Bg4 7. h3 Bh5 8. d3
Na5 9. Bh6 gxh6 10. g4 Bg6 11. Nh4 Nxd5 12. exd5 Qxh4 13. Qf3 O-O-O 14. Rae1 Re8
15. c3 Nxc4 16. dxc4 e4 17. Qg2 d3 18. Re3 h5 19. Rd1 hxg4 0-1

[Event "AUTO-OPEN-1717"]
[Site "http://www.queenalice.com/game.php?id=664895"]
[Date "2009.10.9"]
[Round "1"]
[White "gedanix"]
[Black "felipebonucci"]
[Result "1-0"]
[WhiteElo "1965"]
[BlackElo "1260"]

1. e4 c5 2. Nf3 Nf6 3. Nc3 d5 4. Bb5+ Nc6 5. Bxc6+ bxc6 6. e5 Nd7 7. d3 g6 8.
Bf4 Bg7 9. O-O O-O 10. Qd2 d4 11. Ne4 f6 12. e6 Ne5 13. Nxe5 fxe5 14. Bh6 Bxe6
15. Bxg7 Kxg7 16. Nxc5 Qd5 17. Nxe6+ Qxe6 18. c4 Qd6 19. b4 Rf5 20. a3 Rh5 21.
f4 Rf8 22. fxe5 1-0

[Event "AUTO-OPEN-1717"]
[Site "http://www.queenalice.com/game.php?id=664896"]
[Date "2009.10.9"]
[Round "1"]
[White "felipebonucci"]
[Black "whyBish"]
[Result "0-1"]
[WhiteElo "1160"]
[BlackElo "2032"]

1. Nf3 Nf6 2. Nc3 d5 3. d4 e6 4. Qd3 Be7 5. h4 O-O 6. Bg5 h6 7. Bxf6 Bxf6 8. g4
Be7 9. g5 h5 10. g6 Nd7 11. gxf7+ Rxf7 12. Rg1 Bxh4 13. Nxh4 Qxh4 14. Nd1 Nf6
15. Ne3 Ne4 16. c4 Qxf2+ 17. Kd1 Qxg1 18. cxd5 Nf2+ 0-1

[Event "AUTO-OPEN-1717"]
[Site "http://www.queenalice.com/game.php?id=664897"]
[Date "2009.10.9"]
[Round "1"]
[White "whyBish"]
[Black "felipebonucci"]
[Result "1-0"]
[WhiteElo "2038"]
[BlackElo "1160"]

1. e4 c5 2. Nf3 Qa5 3. Nc3 Nf6 4. e5 Ng4 5. h3 Nh6 6. Bc4 Nf5 7. d3 Nc6 8. O-O
Nfd4 9. Ne4 Nb4 10. c3 Nbc2 11. cxd4 Nxa1 12. Bd2 b5 13. Bxf7+ Kxf7 14. Nfg5+
Ke8 15. Bxa5 1-0

[Event "Let's Play Chess!"]
[Site "http://www.queenalice.com/game.php?id=669475"]
[Date "2009.10.19"]
[Round "-"]
[White "felipebonucci"]
[Black "newblockader"]
[Result "1-0"]
[WhiteElo "1219"]
[BlackElo "1635"]

1. Nf3 Nf6 2. d4 d5 3. Bf4 Nc6 4. e3 e6 5. Bb5 Bd7 6. O-O Be7 7. c4 Nb4 8. Bxd7+
Qxd7 9. Ne5 Qc8 10. a3 Nc6 11. Nc3 Nxe5 12. dxe5 Nd7 13. cxd5 exd5 14. Nxd5 O-O
15. Nxe7+ 1-0

[Event "Let's Play Chess!"]
[Site "http://www.queenalice.com/game.php?id=669476"]
[Date "2009.10.19"]
[Round "-"]
[White "newblockader"]
[Black "felipebonucci"]
[Result "1-0"]
[WhiteElo "1632"]
[BlackElo "1262"]

1. e4 e6 2. d4 d5 3. e5 c5 4. c3 Nc6 5. Be3 Nge7 6. Nf3 Nf5 7. Bg5 Qb6 8. Qb3
Qxb3 9. axb3 h6 10. Be3 cxd4 11. Nxd4 Nxe3 12. fxe3 Nxe5 13. Nb5 Rb8 14. Rxa7
Bc5 15. Ra5 Bxe3 16. Na7 Bd7 17. Ke2 1-0

[Event "Challenge"]
[Site "http://www.queenalice.com/game.php?id=669932"]
[Date "2009.10.20"]
[Round "-"]
[White "Kingfish"]
[Black "felipebonucci"]
[Result "0-1"]
[WhiteElo "1790"]
[BlackElo "1219"]

1. e4 e6 2. Nf3 d5 3. exd5 exd5 4. d4 Nf6 5. Nc3 Bb4 6. Bd2 O-O 7. a3 Bxc3 8.
Bxc3 Nc6 9. Be2 Ne4 10. Qd3 Bf5 11. Qb5 Re8 12. O-O Nd6 13. Qxd5 Rxe2 14. Ne5
Nxe5 15. dxe5 Be4 16. Qd1 Qg5 17. g3 Qh5 18. h4 Qf3 0-1

[Event "Challenge"]
[Site "http://www.queenalice.com/game.php?id=669938"]
[Date "2009.10.20"]
[Round "-"]
[White "Trevuz"]
[Black "felipebonucci"]
[Result "1-0"]
[WhiteElo "1685"]
[BlackElo "1226"]

1. d4 Nf6 2. c4 e6 3. a3 d5 4. Nc3 c5 5. dxc5 Bxc5 6. b4 Bd6 7. cxd5 a5 8. dxe6
Bxe6 9. Nb5 Be5 10. Qxd8+ Kxd8 11. Rb1 Ba2 12. Nf3 Bxb1 13. Nxe5 1-0